000 00441nam a2200181 a 4500
001 6387
003 CO-ViMGA
008 141112s2004 ck r 000 u spa d
040 _aCO-ViMGA
_bspa
_cCO-ViMGA
082 0 4 _a634.65 R324
100 1 _aReche Mármo, Jose
_95133
245 1 0 _aLa sandía
250 _a3a
260 _aMadrid :
_bMundi - Prensa,
_c1988
300 _a227 p : il
650 1 4 _aSANDIA - CULTIVO
_95134
942 _2ddc
_cBK
999 _c18357
_d18357